| 000 | 00483nam a2200193Ia 4500 | ||
|---|---|---|---|
| 008 | 170203s9999 xx 000 0 und d | ||
| 020 | _a9835036071 | ||
| 050 | _a403 | ||
| 050 | _bM995 2002 | ||
| 245 | _aMy everyday pictorial dictionary / | ||
| 260 | _aJohor Bahru : | ||
| 260 | _bPenerbitan Pelangi Sdn. Bhd., | ||
| 260 | _c2002 | ||
| 300 | _a72 pages : | ||
| 300 | _billustrations : | ||
| 300 | _c30 cm. | ||
| 650 | _aDictionaries - | ||
| 650 | _xJuvenile literature. | ||
| 999 |
_c305680 _d305680 |
||